000 01441cam a22003734i 4500
001 18582622
003 NUST
005 20220825155817.0
008 150418s2016 mau b 001 0 eng
010 _a 2015015782
020 _a9780674088696 (hardcover : alk. paper)
038 _aAzhar
040 _aDLC
_beng
_cDLC
_erda
_dDLC
042 _apcc
043 _an-us---
050 0 0 _aLB2371.4
_b.P67 2016
082 0 0 _a378.155
_bPOS
100 1 _aPosselt, Julie R.
_997255
245 1 0 _aInside graduate admissions :
_bmerit, diversity, and faculty gatekeeping
_cJulie R. Posselt.
260 _aCambridge, Massachusetts :
_bHarvard University Press,
_c2016
300 _ax, 250 pages ;
_c24 cm
336 _atext
_2rdacontent
337 _aunmediated
_2rdamedia
338 _avolume
_2rdacarrier
504 _aIncludes bibliographical references (pages 216-239) and index.
650 0 _aUniversities and colleges
_zUnited States
_xGraduate work
_xAdmission.
_951351
650 0 _aDiscrimination in higher education
_zUnited States.
_997256
650 0 _aMinorities
_xEducation (Higher)
_zUnited States.
_997257
650 0 _aUniversities and colleges
_zUnited States
_xFaculty.
_997258
650 0 _aTeacher participation in administration
_zUnited States.
_997259
906 _a7
_bcbc
_corignew
_d1
_eecip
_f20
_gy-gencatlg
942 _2ddc
_cLC
999 _c591006
_d591006